Normal view
MARC view
- بنت عبد الله، الزهراء فاطمة
Entry Personal Name
001 - CONTROL NUMBER
- control field: 20663
003 - CONTROL NUMBER IDENTIFIER
- control field: JO-AjAnu
005 - DATE AND TIME OF LATEST TRANSACTION
- control field: 20230606073606.0
008 - FIXED-LENGTH DATA ELEMENTS
- fixed length control field: 230606|| aca||aabn | a|a d
040 ## - CATALOGING SOURCE
- Original cataloging agency: JO-AjAnu
- Transcribing agency: JO-AjAnu
100 ## - HEADING--PERSONAL NAME
- Personal name: بنت عبد الله، الزهراء فاطمة
670 ## - SOURCE DATA FOUND
- Source citation: Work cat.: (JO-AjAnu)10612: بنت عبد الله، الزهراء فاطمة, author, الموضة في التصور الإسلامي